Les ONG occidentales au Cambodge : (Record no. 3652)

MARC details
000 -LEADER
fixed length control field 01561cam a22003134a 4500
001 - CONTROL NUMBER
control field 3652
003 - CONTROL NUMBER IDENTIFIER
control field FISKH
005 - DATE AND TIME OF LATEST TRANSACTION
control field 20240402150842.0
008 - FIXED-LENGTH DATA ELEMENTS--GENERAL INFORMATION
fixed length control field 050420s2005 fr b b 000 0 fre
010 ## - LIBRARY OF CONGRESS CONTROL NUMBER
LC control number 2005542786
020 ## - INTERNATIONAL STANDARD BOOK NUMBER
International Standard Book Number 2747581020
035 ## - SYSTEM CONTROL NUMBER
System control number (OCoLC)ocm60119801
040 ## - CATALOGING SOURCE
Original cataloging agency DLC
Transcribing agency DLC
042 ## - AUTHENTICATION CODE
Authentication code pcc
043 ## - GEOGRAPHIC AREA CODE
Geographic area code a-cb---
050 00 - LIBRARY OF CONGRESS CALL NUMBER
Classification number HC442
Item number .T72 2005
082 ## - DEWEY DECIMAL CLASSIFICATION NUMBER
Classification number 361.7
100 1# - MAIN ENTRY--PERSONAL NAME
Personal name Trannin, Sabine.
245 14 - TITLE STATEMENT
Title Les ONG occidentales au Cambodge :
Remainder of title la réalité derrière le mythe /
Statement of responsibility, etc. Sabine Trannin ; préface de François Ponchaud.
260 ## - PUBLICATION, DISTRIBUTION, ETC.
Place of publication, distribution, etc. Paris, France :
Name of publisher, distributor, etc. L'Harmattan,
Date of publication, distribution, etc. c2005.
300 ## - PHYSICAL DESCRIPTION
Extent 260 pages :
Other physical details 1 map ;
Dimensions 22 cm.
440 #0 - SERIES STATEMENT/ADDED ENTRY--TITLE
Title Points sur l'Asie
504 ## - BIBLIOGRAPHY, ETC. NOTE
Bibliography, etc. note Includes bibliographical references (p. 242-243).
520 ## - SUMMARY, ETC.
Summary, etc. Cambodia is one of the countries in the world where there are the most numerous international NGOs (Non-Governmental Organizations). Working in Cambodia, after 1990 (after the Khmer Rouge regime, then the Vietnamese occupation), seems to have become a quality label for NGOs. But what lies beneath humanitarianism? This questioning is not specific to Cambodia, and rekindles the “charity business” debate. A reflection on the major issues of humanitarian aid based on a concrete case and on the other hand, elements of understanding of this fascinating country: Cambodia.
650 #0 - SUBJECT ADDED ENTRY--TOPICAL TERM
Topical term or geographic name entry element Non-governmental organizations
Geographic subdivision Cambodia.
906 ## - LOCAL DATA ELEMENT F, LDF (RLIN)
a 7
b cbc
c origres
d 3
e ncip
f 20
g y-gencatlg
942 ## - ADDED ENTRY ELEMENTS (KOHA)
Source of classification or shelving scheme Dewey Decimal Classification
Koha item type Books
Suppress in OPAC No
Holdings
Withdrawn status Lost status Source of classification or shelving scheme Damaged status Not for loan Collection Home library Current library Shelving location Date acquired Total Checkouts Full call number Barcode Date last seen Price effective from Koha item type
    Library of Congress Classification     Non-Fiction Footprints International School Library Network Toul Kork Campus Footprints International School Library Network Toul Kork Campus TK Floor 4 Rear Hallway Shelf 1 (Adult/Secondary Foriegn Language/Khmer) 04/02/2024   TRA 327.51 HC442 .T72 2005 2024-0450 04/02/2024 04/02/2024 Books